<?xml version="1.0" encoding="UTF-8"?><?xml-stylesheet type="text/xsl" href="static/style.xsl"?><OAI-PMH xmlns="http://www.openarchives.org/OAI/2.0/" xmlns:xsi="http://www.w3.org/2001/XMLSchema-instance" xsi:schemaLocation="http://www.openarchives.org/OAI/2.0/ http://www.openarchives.org/OAI/2.0/OAI-PMH.xsd"><responseDate>2026-04-17T07:17:18Z</responseDate><request verb="GetRecord" identifier="oai:www.recercat.cat:2117/397641" metadataPrefix="marc">https://recercat.cat/oai/request</request><GetRecord><record><header><identifier>oai:recercat.cat:2117/397641</identifier><datestamp>2025-07-22T22:47:58Z</datestamp><setSpec>com_2072_1033</setSpec><setSpec>col_2072_452951</setSpec></header><metadata><record xmlns="http://www.loc.gov/MARC21/slim" xmlns:dcterms="http://purl.org/dc/terms/" xmlns:xsi="http://www.w3.org/2001/XMLSchema-instance" xmlns:doc="http://www.lyncode.com/xoai" xsi:schemaLocation="http://www.loc.gov/MARC21/slim http://www.loc.gov/standards/marcxml/schema/MARC21slim.xsd">
   <leader>00925njm 22002777a 4500</leader>
   <datafield ind2=" " ind1=" " tag="042">
      <subfield code="a">dc</subfield>
   </datafield>
   <datafield ind2=" " ind1=" " tag="720">
      <subfield code="a">Gallego Abad, Aída</subfield>
      <subfield code="e">author</subfield>
   </datafield>
   <datafield ind2=" " ind1=" " tag="260">
      <subfield code="c">2023-10-10</subfield>
   </datafield>
   <datafield ind2=" " ind1=" " tag="520">
      <subfield code="a">Actualment a Espanya el 20% de la població té 65 anys o més, aquest mateix grup al 1972 representava només el 9% del total de la població, i es preveu que en els pròxims 50 anys arribi a representar un 30% de la població. El model d'habitar que acull majoritàriament aquest grup de persones és la residència per a gent gran, on l'usuari es regeix per uns horaris, calendaris i normes, sense fomentar l'envelliment actiu. &#xd;
&#xd;
Amb el projecte, situat als peus del parc del Guinardó, es pretén profunditzar en un model que consideri les necessitats de cada usuari i els faci partícips d'una comunitat, amb un model d'habitatge cooperatiu sènior. Conjuntament, es projecta un casal per a acollir les activitats dels usuaris dels habitatges i també de la resta de veïns del barri, tot fomentant la relació amb el verd i el parc.</subfield>
   </datafield>
   <datafield tag="653" ind2=" " ind1=" ">
      <subfield code="a">Àrees temàtiques de la UPC::Arquitectura::Tipologies d'edificis::Habitatges</subfield>
   </datafield>
   <datafield tag="653" ind2=" " ind1=" ">
      <subfield code="a">Older people -- Dwellings -- Spain -- Barcelona</subfield>
   </datafield>
   <datafield tag="653" ind2=" " ind1=" ">
      <subfield code="a">Housing, Cooperative -- Spain -- Barcelona</subfield>
   </datafield>
   <datafield tag="653" ind2=" " ind1=" ">
      <subfield code="a">Cohousing</subfield>
   </datafield>
   <datafield tag="653" ind2=" " ind1=" ">
      <subfield code="a">comunitat</subfield>
   </datafield>
   <datafield tag="653" ind2=" " ind1=" ">
      <subfield code="a">emergència ambiental</subfield>
   </datafield>
   <datafield tag="653" ind2=" " ind1=" ">
      <subfield code="a">Persones grans -- Habitatges -- Catalunya -- Barcelona</subfield>
   </datafield>
   <datafield tag="653" ind2=" " ind1=" ">
      <subfield code="a">Cooperatives d'habitatges -- Catalunya -- Barcelona</subfield>
   </datafield>
   <datafield ind2="0" ind1="0" tag="245">
      <subfield code="a">Envellir en comunitat: cohousing sènior i casal de barri als peus del parc del Guinardó</subfield>
   </datafield>
</record></metadata></record></GetRecord></OAI-PMH>